000 00582nam a22002177a 4500
003 UA-OsUOA
001 110783
007 ta
008 20150406b un ||||| |||| 00| 0 ukr d
100 _aБистрицька Я.
090 _a908
_bБ65
942 _cSA
040 _aUA-OsUOA
_bukr
_cUA-OsUOA
_dUA-OsUOA
245 _aПро острожан написано в книзі "Музейнв фахівці Рівненщини"
300 _aС.3
955 _a0
041 _aukr
080 _a908
773 0 _w110781
650 7 _a908 Краєзнавство
_2UDC
999 _c397185
_d397185